00566nam a22001697a 450000500170000001000150001702000230003203500140005503700130006908200080008210000160009024501030010626000400020927000980024930000300034770000190037720220727124045.0 aENG-134012 a8174877495c350.00 aEN-117544 bDBAB/PUB a881 aKaran Singh aThe Unknown Voices:bA Translation of Folk Songs of South Haryana/cKaran Singh and Devender Kumar aNew DelhibRadha Publicationsc2011 a4231/1, Ansari Road, DaryaganjbNew Delhie110002k23247003mradhapublications@rediffmail.com a156p.c22cm(hb)bAppendix aDevender Kumar